00221nam a2200085Ia 4500008004100000041000800041100001900049245004600068260002100114241105s9999 xx 000 0 und d aeng aKadu Aishwarya aArt And Craft Centre For Tribes In Dahanu bBNCA, Punec2017